000 00790nam a22002297a 4500
003 UA-OsUOA
001 50043
007 ta
008 20140514b un ||||| |||| 00| 0 ukr d
090 _a94(477).154
_bЮ14
942 _cBK
040 _aUA-OsUOA
_bukr
_cUA-OsUOA
_dUA-OsUOA
245 _aЮвілейна книга української гімназії у Берхтесгадені
_bВ 50-ту річницю першої матури (1947-1997 рр.)
300 _a309 с.
955 _a4
041 _aukr
080 _a94(477).154
260 _aНорт Порт
_c1997
650 7 _a9 Географія. Біографії. Історія
_2UDC
999 _c430169
_d430169